| 000 -LEADER | |
|---|---|
| fixed length control field | 00449nam a22001697a 4500 |
| 005 - DATE AND TIME OF LATEST TRANSACTION | |
| control field | 20240110125438.0 |
| 008 - FIXED-LENGTH DATA ELEMENTS--GENERAL INFORMATION | |
| fixed length control field | 190918b xxu||||| |||| 00| 0 eng d |
| 020 ## - INTERNATIONAL STANDARD BOOK NUMBER | |
| ISBN | 978-9-86478-48-1 |
| 041 ## - LANGUAGE CODE | |
| Language code of text/sound track or separate title | eng |
| 082 ## - DEWEY DECIMAL CLASSIFICATION NUMBER | |
| Classification number | 615.1 |
| 100 ## - MAIN ENTRY--AUTHOR NAME | |
| Personal name | RAJE,V.N |
| 245 ## - TITLE STATEMENT | |
| Title | PHARMACEUTICS - I: |
| Remainder of title | for first year diploma in pharmacy |
| 250 ## - EDITION STATEMENT | |
| Edition statement | 3rd , Ed. 2018 |
| 260 ## - PUBLICATION, DISTRIBUTION, ETC. (IMPRINT) | |
| Place of publication | NEW DELHI |
| Name of publisher | C.B.S. DISTRIBUTORS AND PUBLISHERS PVT.LTD |
| 300 ## - PHYSICAL DESCRIPTION | |
| Number of Pages | 177p, |
| 942 ## - ADDED ENTRY ELEMENTS (KOHA) | |
| Koha item type | Books |
| Lost status | Damaged status | Collection code | Home library | Current library | Shelving location | Date acquired | Source of acquisition | Cost, normal purchase price | Full call number | Accession Number | Koha item type |
|---|---|---|---|---|---|---|---|---|---|---|---|
| PHARMACY | JRU Library | JRU Library | Shelf - 23- B | 18/09/2019 | PURCHESS | 220.00 | 615.1 | 23579 | Books | ||
| PHARMACY | JRU Library | JRU Library | Shelf - 23- B | 18/09/2019 | PURCHESS | 220.00 | 615.1 | 23580 | Books | ||
| PHARMACY | JRU Library | JRU Library | Shelf - 23- B | 18/09/2019 | PURCHESS | 220.00 | 615.1 | 23581 | Books | ||
| PHARMACY | JRU Library | JRU Library | SHELF - 18 - H | 18/09/2019 | PURCHESS | 220.00 | 23582 | Books |